The river Amazon : (Registro nro. 53542)

Detalles MARC
000 -LEADER
campo de control de longitud fija 02300cam a22004694i 4500
003 - IDENTIFICADOR DE NÚMERO DE CONTROL
campo de control PE-LiUPU
005 - FECHA Y HORA DE LA ÚLTIMA TRANSACCIÓN
campo de control 20250731184559.0
008 - DATOS DE LONGITUD FIJA--INFORMACIÓN GENERAL
campo de control de longitud fija 150616s r 000 0 d
035 ## - NÚMERO DE CONTROL DEL SISTEMA
Número de control de sistema (Sirsi) a5105
040 ## - FUENTE DE CATALOGACIÓN
Centro catalogador/agencia de origen PE-LiUPU
Lengua de catalogación spa
Centro/agencia transcriptor PE-LiUPU
Normas de descripción rda
049 ## - FONDOS LOCALES (OCLC)
Biblioteca depositaria PRUA
082 04 - NÚMERO DE LA CLASIFICACIÓN DECIMAL DEWEY
Número de clasificación 918.1104
Cutter F78
Número de edición 21
100 1# - ENTRADA PRINCIPAL--NOMBRE DE PERSONA
Nombre de persona Fountain, Paul,
Término indicativo de función/relación autor.
245 14 - MENCIÓN DEL TÍTULO
Título The river Amazon :
Resto del título from its sources to the sea /
Mención de responsabilidad, etc. Paul Fountain.
264 #1 - PRODUCCIÓN, PUBLICACIÓN, DISTRIBUCIÓN, FABRICACIÓN Y COPYRIGHT
Producción, publicación, distribución, fabricación y copyright London :
Nombre del de productor, editor, distribuidor, fabricante Constable & Company,
Fecha de producción, publicación, distribución, fabricación o copyright 1914.
300 ## - DESCRIPCIÓN FÍSICA
Extensión 321 páginas :
Otras características físicas ilustraciones ;
Dimensiones 23 cm.
336 ## - TIPO DE CONTENIDO
Término de tipo de contenido text
Fuente rdacontent
337 ## - TIPO DE MEDIO
Nombre/término del tipo de medio unmediated
Fuente rdamedia
338 ## - TIPO DE SOPORTE
Nombre/término del tipo de soporte volume
Fuente rdacarrier
500 ## - NOTA GENERAL
Nota general Adjunto: un plano continental del rio Amazonas, elaborado por el capáginas Thomas W. Whiffen.
505 0# - NOTA DE CONTENIDO CON FORMATO
Nota de contenido con formato The discovery of the Amazon -- The sources of the Amazon -- The upper Marañon -- The Downward Rush to the great forest -- The Ucayali -- The search for the Head-waters -- The Head-waters of the purus -- More about the Head-waters -- Some other Head-waters of the Amazon -- Attempted ascents of Cotopaxi and Antisana -- The plains of Ecuador and Colombia -- Natural history of the upper Amazon -- A voyage up the Purus -- Continuation of the voyage on the Purus -- Conclusion of the voyage on the Purus -- The country between Purus and Tapajos -- The country between Tapajos and Araguay -- Valleys of Araguay and Tocantins -- The cordillera grande Region -- High up the Amazon river -- Five hundred miles down stream -- The lower reaches of the Amazon.
526 ## - NOTA DE INFORMACIÓN SOBRE EL PROGRAMA DE ESTUDIO
Nombre del programa Doctorado En Educación Con Mención En Currículo Y Docencia (A Distancia)
526 ## - NOTA DE INFORMACIÓN SOBRE EL PROGRAMA DE ESTUDIO
Nombre del programa Doctorado En Educación Con Mención En Currículo Y Docencia (Semipresencial)
526 ## - NOTA DE INFORMACIÓN SOBRE EL PROGRAMA DE ESTUDIO
Nombre del programa Doctorado En Educación Con Mención En Gestión Educativa (A Distancia)
526 ## - NOTA DE INFORMACIÓN SOBRE EL PROGRAMA DE ESTUDIO
Nombre del programa Doctorado En Educación Con Mención En Gestión Educativa (Semipresencial)
526 ## - NOTA DE INFORMACIÓN SOBRE EL PROGRAMA DE ESTUDIO
Nombre del programa Derecho semipresencial
526 ## - NOTA DE INFORMACIÓN SOBRE EL PROGRAMA DE ESTUDIO
Nombre del programa Derecho presencial
526 ## - NOTA DE INFORMACIÓN SOBRE EL PROGRAMA DE ESTUDIO
Nombre del programa Maestría en teología histórica
526 ## - NOTA DE INFORMACIÓN SOBRE EL PROGRAMA DE ESTUDIO
Nombre del programa Teología
526 ## - NOTA DE INFORMACIÓN SOBRE EL PROGRAMA DE ESTUDIO
Nombre del programa Educación primaria
526 ## - NOTA DE INFORMACIÓN SOBRE EL PROGRAMA DE ESTUDIO
Nombre del programa Educación secundaria, especialidad lingüística e inglés
526 ## - NOTA DE INFORMACIÓN SOBRE EL PROGRAMA DE ESTUDIO
Nombre del programa Educación secundaria, especialidad ambiental, biología y química
526 ## - NOTA DE INFORMACIÓN SOBRE EL PROGRAMA DE ESTUDIO
Nombre del programa Arquitectura
596 ## -
-- 1
650 04 - PUNTO DE ACCESO ADICIONAL DE MATERIA--TÉRMINO DE MATERIA
Término de materia o nombre geográfico como elemento de entrada Amazonas (Río)
Subdivisión general Descripciones y viajes.
910 ## - DATOS DE OPCIÓN DEL USUARIO (OCLC)
Datos de opción del usuario jck
-- jvq
-- jck
942 ## - ELEMENTOS DE ENTRADA SECUNDARIOS (KOHA)
Fuente del sistema de clasificación o colocación Clasificación Decimal Dewey
Tipo de ítem Koha
949 ## - PROCESAMIENTO DE INFORMACIÓN LOCAL (OCLC)
a 918.1104 F78
w DEWEY
c 1
i 22539
l CCODEBUL1
m BUL
p 00.00
r 0
s Y
t BOOK
u 19840317
x EDUCACION
-- P20
0 COMPRA
o .STAFF. Colección General
994 ## -
-- C0
-- PEPRU
999 ## - NÚMEROS DE CONTROL DE SISTEMA (KOHA)
-- DEWEY
-- 22539
-- 2021-11-8
-- 5
-- CCODEBUL1
-- BUL
-- 0
-- Y
-- BOOK
-- 2015-6-16
-- BIBLIOTECA
-- P20
-- COMPRA
-- .STAFF. Colección General
980 ## - EQUIVALENCIA O REFERENCIA-CRUZADA-MENCIÓN DE SERIE--NOMBRE DE PERSONA/TÍTULO [LOCAL, CANADÁ]
ID del último usuario que modificó el registro 1
Nombre del último usuario que modificó el registro ALBERTO SANCHEZ Responsable de Automatización
Existencias
Visto por última vez Número de inventario Total de préstamos Signatura topográfica completa Código de barras Copia número Fecha de reemplazo Facultad Tipo de ítem Koha Nota pública Estado de pérdida Fuente del sistema de clasificación o colocación Restricciones de uso No para préstamo Colección Programa académico Biblioteca de origen Biblioteca actual Ubicación en estantería Fecha de adquisición Fuente de adquisición
2025-12-03 6   918.1104 F78 22539 e1 2015-06-16 FACIHED Libros físicos inventario-2023-12-13 No Perdido Clasificación Decimal Dewey No restringido Disponible para préstamos Colección General Educación primaria Biblioteca CRAI UPeU Lima Biblioteca CRAI UPeU Lima Sala principal 2015-06-16 COMPRA